000
00284nam a2200121Ia 4500
008
220204s9999 xx 000 0 und d
082
_a
546.171
_b
SLA
245
0
_a
Ammonia. Pt 4
260
_a
New York
_b
Dekker
_c
1979
700
_a
James, Russell
700
_a
Slack, A V
942
_c
BK
999
_c
36397
_d
36397